| 000 | 00347nam a22001457a 4500 | ||
|---|---|---|---|
| 003 | SGT | ||
| 082 | _a616.5, I14K | ||
| 100 | _aKHANA, NEENA | ||
| 245 | _aILLUSTRATED SYNOPSIS OF DERMATOLOGY & SEXUALLY TRANSMITTED DISEASES | ||
| 250 | _a4TH | ||
| 260 |
_aINDIA _bELSEVIER PUB. _c2014 |
||
| 300 | _a427 | ||
| 650 | _aDERMATOLOGY | ||
| 942 |
_2ddc _cBK |
||
| 999 |
_c8984 _d8984 |
||